Kyberprostor: Nové výzvy právní teorií

Vymedzenie kyberpriestoru pre potreby právnej vedy ako časti spoločenskej reality. Problematika efektivity právnych noriem vo vzťahu k špecifickým javom, ktoré sa v kyberpriestore vyskytujú.

Salvato in:
Dettagli Bibliografici
Autore principale: Polčák, Radim
Natura: Capitolo di libro
Lingua:ceco
Soggetti:
Tags: Aggiungi Tag
Nessun Tag, puoi essere il primo ad aggiungerne!!

MARC

LEADER 00000naa$a2200000$$$4500
001 0016940
005 20231102091404.5
041 0 |a cze 
044 |a SK 
245 1 0 |a Kyberprostor: Nové výzvy právní teorií  |c aut. Radim Polčák 
520 |a Vymedzenie kyberpriestoru pre potreby právnej vedy ako časti spoločenskej reality. Problematika efektivity právnych noriem vo vzťahu k špecifickým javom, ktoré sa v kyberpriestore vyskytujú. 
610 2 0 |a teórie právne 
610 2 0 |a internet 
610 2 0 |a správanie 
610 2 0 |a spotrebitelia 
610 2 0 |a komunikácia 
610 2 0 |a technológie komunikačné 
610 2 0 |a ekonomika umelá 
100 1 |a Polčák, Radim